|
|
|
|
| LEADER |
02195nam a2200433 i 4500 |
| 001 |
44195 |
| 003 |
BD-DhAAL |
| 005 |
20250304101937.0 |
| 008 |
250204t2020 bg a bs 000 0 eng d |
| 010 |
|
|
|a 2020333664
|
| 020 |
|
|
|a 9789843487490
|
| 020 |
|
|
|a 9843487494
|
| 025 |
|
|
|a B-E-2020333664 ; 22-92
|
| 037 |
|
|
|b Library of Congress -- New Delhi Overseas Office
|
| 040 |
|
|
|a DLC
|b eng
|e rda
|c DLC
|d DLC
|d BD-DhAAL
|
| 042 |
|
|
|a lcode
|a pcc
|
| 043 |
|
|
|a a-bg---
|
| 050 |
0 |
0 |
|a HC440.8.Z9
|b E546 2020
|
| 082 |
|
|
|a 338.95492
|2 23
|
| 245 |
0 |
0 |
|a Four years of SDGs in Bangladesh :
|b non-state actors as delivery partners /
|c edited by Mustafizur Rahman.
|
| 246 |
1 |
7 |
|a Four years of SDGs in Bangladesh :
|b NSAs as delivery partners
|
| 260 |
|
|
|a Dhaka, Bangladesh :
|b Citizen's Platform for SDGs, Bangladesh,
|c 2020.
|
| 300 |
|
|
|a xxiv, 279 pages :
|b illustrations (black and white, and color) ;
|c 24 cm
|
| 500 |
|
|
|a First published.
|
| 500 |
|
|
|a Includes statistical tables.
|
| 504 |
|
|
|a Includes bibliographical references.
|
| 541 |
|
|
|a Complimentary copy from the Centre for Policy Dialogue (CPD)
|e 44195, 44196
|
| 610 |
2 |
0 |
|a Sustainable Development Goals
|x Evaluation.
|9 57870
|
| 650 |
|
0 |
|a Economic development
|z Bangladesh.
|
| 650 |
|
0 |
|a Sustainable development
|z Bangladesh.
|
| 650 |
|
0 |
|a Non-governmental organizations
|z Bangladesh.
|
| 651 |
|
0 |
|a Bangladesh
|x Economic conditions
|y 21st century.
|
| 700 |
0 |
|
|a Mustafizur Rahman,
|d 1955-
|e editor.
|9 51980
|
| 710 |
2 |
|
|a Citizen's Platform for SDGs, Bangladesh,
|e publisher.
|9 57871
|
| 852 |
|
|
|a Ayesha Abed Library
|c General Stacks
|
| 942 |
|
|
|2 ddc
|c BK
|
| 999 |
|
|
|c 47248
|d 47248
|
| 952 |
|
|
|0 0
|1 0
|2 ddc
|4 0
|6 338_954920000000000_FOU
|7 0
|9 77428
|a BRACUL
|b BRACUL
|c GEN
|d 2025-03-04
|e Complimentary copy from the Centre for Policy Dialogue (CPD)
|l 0
|o 338.95492 FOU
|p 3010044195
|r 2025-03-04
|t 1
|w 2025-03-04
|y BK
|x Complimentary copy from the Centre for Policy Dialogue (CPD)
|
| 952 |
|
|
|0 0
|1 0
|2 ddc
|4 0
|6 338_954920000000000_FOU
|7 0
|9 77429
|a BRACUL
|b BRACUL
|c GEN
|d 2025-03-04
|e Complimentary copy from the Centre for Policy Dialogue (CPD)
|l 0
|o 338.95492 FOU
|p 3010044196
|r 2025-03-04
|t 2
|w 2025-03-04
|y BK
|x Complimentary copy from the Centre for Policy Dialogue (CPD)
|